[Event "Barkhuus Memorial Mesterklassen 2005"]
[Site "Vanlose"]
[Date "2005.07.27"]
[Round "1"]
[White "Andersen, Daniel"]
[Black "Aabling Thomsen, Jakob"]
[Result "1-0"]
[WhiteElo "1972"]
[BlackElo "2146"]
[PlyCount "53"]
[EventDate "2005.??.??"]


1. c4 e5 2. g3 Nf6 3. Bg2 Nc6 4. Nc3 Bc5 5. a3 a5 6. e3 O-O 7. Nge2 d6 8. d3
Ng4 9. h3 Nh6 10. O-O f5 11. d4 Ba7 12. d5 Ne7 13. e4 Ng6 14. exf5 Nxf5 15. Kh2
h5 16. Qd3 Qe8 17. Bd2 h4 18. g4 Nd4 19. Be4 Ne7 20. Nxd4 exd4 21. Nb5 c6 22.
Nc7 Qd8 23. Nxa8 b5 24. Bg5 Bb7 25. cxb5 Bxa8 26. Bh7+ Kh8 27. Rae1 1-0

[Event "Barkhuus Memorial Mesterklassen 2005"]
[Site "Vanlose"]
[Date "2005.07.27"]
[Round "1"]
[White "Andersen, Henrik"]
[Black "Willerup, Martin Kisby"]
[Result "1/2-1/2"]
[WhiteElo "1926"]
[BlackElo "2016"]
[PlyCount "53"]
[EventDate "2005.??.??"]


1. c4 Nf6 2. Nc3 g6 3. e4 d6 4. d4 Bg7 5. Bd3 Nc6 6. Nge2 e5 7. d5 Nd4 8. Nxd4
exd4 9. Nb5 O-O 10. O-O Re8 11. Re1 c5 12. dxc6 bxc6 13. Nxd4 Bg4 14. Qc2 Qb6
15. Be3 Qc7 16. f3 Bd7 17. Ne2 d5 18. cxd5 Nxd5 19. Bc5 Nf4 20. Bc4 Qe5 21. Bf2
Rab8 22. Rab1 Nxe2+ 23. Rxe2 Qa5 24. Bb3 Be6 25. Be1 Qb6+ 26. Bf2 Qa5 27. Be1
1/2-1/2

[Event "Barkhuus Memorial Mesterklassen 2005"]
[Site "Vanlose"]
[Date "2005.07.27"]
[Round "1"]
[White "Petersen, Steen Brustrup"]
[Black "Fredericia, Louise Winther"]
[Result "1/2-1/2"]
[WhiteElo "2064"]
[BlackElo "1994"]
[PlyCount "82"]
[EventDate "2005.??.??"]


1. e4 c5 2. Nf3 Nc6 3. Nc3 g6 4. d4 cxd4 5. Nxd4 Bg7 6. Be3 d6 7. Qd2 Nf6 8. f3
O-O 9. O-O-O Bd7 10. h4 Rc8 11. g4 Qa5 12. Kb1 Rfe8 13. h5 Ne5 14. Bg5 Nxf3 15.
Nxf3 Bxg4 16. hxg6 fxg6 17. Bh3 Bxf3 18. Be6+ Kh8 19. Bxf6 exf6 20. Bxc8 Rxc8
21. Qxd6 Bxh1 22. Rxh1 Qc5 23. Qd7 Qc6 24. Qh3 h5 25. Qg2 Kh7 26. Nd5 Re8 27.
Rg1 g5 28. Qf3 Kh6 29. Rh1 h4 30. Nf4 Kh7 31. Nd5 Kg8 32. a3 Re6 33. Rd1 Qc4
34. Nc3 Qc7 35. Nb5 Qe7 36. Qb3 Kh7 37. Qd3 Kg8 38. Qd5 Kh8 39. Nc3 a6 40. Qf5
Rd6 41. Rf1 Qe6 1/2-1/2

[Event "Barkhuus Memorial Mesterklassen 2005"]
[Site "Vanlose"]
[Date "2005.07.27"]
[Round "1"]
[White "Nohr, Finn"]
[Black "Brandstrup, Bo"]
[Result "0-1"]
[WhiteElo "2028"]
[BlackElo "1936"]
[PlyCount "90"]
[EventDate "2005.??.??"]


1. e4 d5 2. exd5 Qxd5 3. Nc3 Qa5 4. d4 Nf6 5. Nf3 Bg4 6. h3 Bxf3 7. Qxf3 c6 8.
Bd2 Nbd7 9. b4 Qb6 10. b5 Qxd4 11. Rd1 Ne5 12. Qg3 Ng6 13. bxc6 bxc6 14. Ba6
Rd8 15. O-O Qb6 16. Bc4 e6 17. Be3 Qa5 18. Rxd8+ Qxd8 19. Bxa7 Bd6 20. Qe3 O-O
21. Ne4 Nxe4 22. Qxe4 c5 23. Rb1 Qg5 24. a4 Nf4 25. Qf3 Qe5 26. a5 Ne2+ 27. Kf1
Nd4 28. Qg3 Qxg3 29. fxg3 Nxc2 30. Kf2 Na3 31. Rc1 Nxc4 32. Rxc4 Rc8 33. Ke3
Kf8 34. Kd3 Ke8 35. Ra4 Bxg3 36. Kc4 Bf2 37. Kb5 Bd4 38. Bb6 Kd7 39. Rc4 Kd6
40. a6 e5 41. Ba7 e4 42. Kb6 e3 43. Kb7 e2 44. Bb8+ Rxb8+ 45. Kxb8 e1=Q 0-1

[Event "Barkhuus Memorial Mesterklassen 2005"]
[Site "Vanlose"]
[Date "2005.07.27"]
[Round "1"]
[White "Tolstrup, Thomas"]
[Black "Hassan, Omar Elsayed"]
[Result "1-0"]
[WhiteElo "1882"]
[BlackElo "2198"]
[PlyCount "111"]
[EventDate "2005.??.??"]


1. Nf3 d5 2. d4 Nf6 3. c4 e6 4. g3 dxc4 5. Bg2 Nc6 6. O-O Rb8 7. Be3 a6 8. Qc2
b5 9. Rd1 Nb4 10. Qc1 Bb7 11. Nc3 Be7 12. b3 cxb3 13. axb3 O-O 14. Bf4 Rc8 15.
Na2 Nfd5 16. Nxb4 Bxb4 17. Bd2 Qe7 18. Ne5 c5 19. dxc5 Bxc5 20. Qb2 Qf6 21. Be1
Rfd8 22. Nd3 Bd4 23. Qa2 Bxa1 24. Rxa1 Rd7 25. b4 Rc4 26. Nc5 Rxc5 27. bxc5 Rc7
28. e4 Nc3 29. Qa5 Ne2+ 30. Kf1 Nxg3+ 31. hxg3 Rxc5 32. Kg1 e5 33. Rd1 h5 34.
Qd8+ Qxd8 35. Rxd8+ Kh7 36. Rd7 Bc6 37. Rd1 Rc2 38. Ra1 Bb7 39. Bf3 Kh6 40. Rd1
f5 41. Rd6+ g6 42. Bd2+ Kg7 43. Bd1 Ra2 44. exf5 gxf5 45. Bc3 Be4 46. Bxe5+ Kh7
47. Bxh5 f4 48. f3 Bc2 49. Bf7 Ra3 50. Bxf4 a5 51. Kf2 b4 52. Be5 b3 53. g4 Ra2
54. Kg3 Ra3 55. g5 Be4 56. Rh6# 1-0

[Event "Barkhuus Memorial Mesterklassen 2005"]
[Site "Vanlose"]
[Date "2005.07.27"]
[Round "1"]
[White "Nielsen, Morten Davidsen"]
[Black "Askgaard, Jens"]
[Result "0-1"]
[WhiteElo "1954"]
[BlackElo "2082"]
[PlyCount "96"]
[EventDate "2005.??.??"]


1. e4 e6 2. d4 d5 3. Nd2 c5 4. exd5 Qxd5 5. dxc5 Bxc5 6. Ngf3 Nf6 7. Bc4 Qc6 8.
Qe2 O-O 9. O-O a6 10. Ne5 Qc7 11. a4 Nbd7 12. Nxf7 Rxf7 13. Bxe6 Ne5 14. Bxf7+
Kxf7 15. Nf3 Nxf3+ 16. Qxf3 Bg4 17. Bf4 Bxf3 18. Bxc7 Bc6 19. a5 Re8 20. Rfe1
Ne4 21. Bb6 Bxb6 22. axb6 Nf6 23. Rxe8 Kxe8 24. Re1+ Kf7 25. c4 Nd7 26. b4 Nxb6
27. Rc1 Bd7 28. Rc3 Be6 29. c5 Nd5 30. Rf3+ Ke7 31. Rg3 g6 32. Rb3 Kd7 33. b5
axb5 34. Rxb5 Kc6 35. Ra5 Nf4 36. Ra8 Kxc5 37. Rf8 Nd5 38. Rh8 h5 39. f3 b5 40.
Kf2 Kd4 41. g4 hxg4 42. fxg4 b4 43. Kg3 b3 44. Kh4 Nb4 45. Rd8+ Bd5 46. Rf8 b2
47. Rf1 Be4 48. Kg5 Na2 0-1

[Event "Barkhuus Memorial Mesterklassen 2005"]
[Site "Vanlose"]
[Date "2005.07.27"]
[Round "1"]
[White "Nielsen, Borge Hjerrild"]
[Black "Damm, Kasper Wilken"]
[Result "0-1"]
[WhiteElo "2031"]
[BlackElo "2199"]
[PlyCount "92"]
[EventDate "2005.??.??"]


1. d4 c5 2. d5 g6 3. c4 Bg7 4. Nc3 d6 5. Nf3 Nf6 6. g3 e6 7. Bg2 exd5 8. cxd5
Qa5 9. Qd3 O-O 10. O-O Re8 11. Bf4 Bf5 12. Qb5 Qc7 13. a4 a6 14. Qc4 Ne4 15.
Rfe1 Nd7 16. Ra3 b5 17. axb5 Nxc3 18. bxc3 axb5 19. Rxa8 bxc4 20. Rxe8+ Nf8 21.
Bd2 Bd7 22. Ra8 Qb7 23. Rea1 Qxd5 24. Rb8 h6 25. Ra6 Bg4 26. Rbb6 Bxf3 27. Rxd6
Bxg2 28. Rxd5 Bxd5 29. Rd6 Be6 30. f3 Nd7 31. Kf2 Kf8 32. Ke1 Ke7 33. Ra6 g5
34. Kd1 g4 35. Ke1 gxf3 36. exf3 Ne5 37. Kf2 Bd5 38. Bxh6 Nd3+ 39. Ke3 Bxc3 40.
h4 Bd4+ 41. Ke2 Nb4 42. Bg5+ f6 43. Ra7+ Ke6 44. Bc1 c3 45. h5 c4 46. Kd1 Nd3
0-1

[Event "Barkhuus Memorial Mesterklassen 2005"]
[Site "Vanlose"]
[Date "2005.07.27"]
[Round "1"]
[White "Christiansen, Jens Jorgen"]
[Black "Hejberg, Carsten"]
[Result "1/2-1/2"]
[WhiteElo "2112"]
[BlackElo "1929"]
[PlyCount "106"]
[EventDate "2005.??.??"]


1. d4 Nf6 2. c4 g6 3. Nc3 Bg7 4. e4 d6 5. Bd3 O-O 6. Nge2 Nc6 7. O-O Nh5 8. Be3
e5 9. d5 Ne7 10. Qd2 f5 11. exf5 gxf5 12. f4 Ng6 13. g3 Bd7 14. Rae1 a6 15. Bc2
b5 16. c5 exf4 17. Nxf4 Nhxf4 18. gxf4 Qf6 19. Bf2 b4 20. Nd1 a5 21. c6 Bc8 22.
Bd3 Ba6 23. Bxa6 Rxa6 24. Re6 Qf7 25. Kh1 Raa8 26. h4 Rfe8 27. Rfe1 Nf8 28.
R6e3 Ng6 29. Re6 Nf8 30. Rxe8 Rxe8 31. Rg1 Kh8 32. Kh2 Re4 33. Re1 Ng6 34. Rxe4
fxe4 35. Bg3 Bh6 36. Qd4+ Kg8 37. Qxe4 Bxf4 38. Bxf4 Qxf4+ 39. Qxf4 Nxf4 40.
Ne3 Nd3 41. Nc4 Nf4 42. Nb6 Kf7 43. Kg3 Ne2+ 44. Kg4 Nc3 45. Kf3 Nxa2 46. Na8
a4 47. Nxc7 a3 48. bxa3 b3 49. Nb5 b2 50. c7 b1=Q 51. c8=Q Qd3+ 52. Kf4 Qf1+
53. Kg3 Qd3+ 1/2-1/2

[Event "Barkhuus Memorial Mesterklassen 2005"]
[Site "Vanlose"]
[Date "2005.07.28"]
[Round "2"]
[White "Fredericia, Louise Winther"]
[Black "Christiansen, Jens Jorgen"]
[Result "1-0"]
[WhiteElo "1994"]
[BlackElo "2112"]
[PlyCount "85"]
[EventDate "2005.??.??"]


1. e4 c6 2. d4 d5 3. Nc3 dxe4 4. Nxe4 Nd7 5. Nf3 Ngf6 6. Ng3 e6 7. Bd3 Qc7 8.
Qe2 c5 9. O-O Be7 10. c4 cxd4 11. Nxd4 Nc5 12. Bc2 Bd7 13. b4 Na6 14. a3 Rc8
15. Bd3 O-O 16. Be3 Rfd8 17. Rac1 Qb8 18. Bb1 Be8 19. Rfe1 Nc7 20. Nb3 b5 21.
c5 Ncd5 22. Bd4 Qf4 23. Ne4 Nxe4 24. Bxe4 Bf6 25. g3 Qh6 26. Red1 Bc6 27. Rc2
Ne7 28. Rcd2 Bd5 29. Be3 Qh3 30. Bxd5 Rxd5 31. Qxb5 h6 32. Qc4 Rh5 33. Rd8+
Rxd8 34. Rxd8+ Kh7 35. Qe4+ Ng6 36. Rd2 Qxh2+ 37. Kf1 Qh3+ 38. Ke2 Rf5 39. Nd4
Bxd4 40. Rxd4 e5 41. Rc4 Rf6 42. c6 a6 43. g4 1-0

[Event "Barkhuus Memorial Mesterklassen 2005"]
[Site "Vanlose"]
[Date "2005.07.28"]
[Round "2"]
[White "Hejberg, Carsten"]
[Black "Tolstrup, Thomas"]
[Result "1/2-1/2"]
[WhiteElo "1929"]
[BlackElo "1882"]
[PlyCount "54"]
[EventDate "2005.??.??"]


1. d4 Nf6 2. c4 e6 3. Nc3 Bb4 4. Qc2 O-O 5. e4 Bxc3+ 6. bxc3 d6 7. Bd3 e5 8.
Ne2 c5 9. O-O Nc6 10. Qb2 h6 11. f3 b6 12. Be3 Nh7 13. a4 f5 14. exf5 Bxf5 15.
Bxf5 Rxf5 16. Ng3 Rf8 17. dxc5 dxc5 18. Rad1 Qh4 19. Ne4 Nf6 20. Bf2 Qh5 21.
Qe2 Na5 22. Bg3 Rae8 23. Rfe1 Nxe4 24. Qxe4 Qf7 25. Rd5 Nc6 26. Red1 Qf5 27.
Re1 Qf7 1/2-1/2

[Event "Barkhuus Memorial Mesterklassen 2005"]
[Site "Vanlose"]
[Date "2005.07.28"]
[Round "2"]
[White "Hassan, Omar Elsayed"]
[Black "Nielsen, Morten Davidsen"]
[Result "1-0"]
[WhiteElo "2198"]
[BlackElo "1954"]
[PlyCount "69"]
[EventDate "2005.??.??"]


1. d4 Nf6 2. c4 c5 3. d5 b5 4. Qc2 bxc4 5. e4 Bb7 6. Bxc4 e6 7. Nc3 exd5 8.
exd5 Be7 9. Bf4 d6 10. Nf3 O-O 11. O-O Na6 12. a3 Nc7 13. Qd3 Nh5 14. Bd2 f5
15. Rfe1 Bc8 16. Na4 Bd7 17. Nxc5 Bb5 18. Ba5 Nf4 19. Qc2 Kh8 20. Na6 Bxa6 21.
Bxa6 Nfxd5 22. Rac1 Bg5 23. Bxc7 Nxc7 24. Nxg5 Qxg5 25. Qxc7 Rab8 26. b4 f4 27.
Qe7 Qd5 28. Rc7 Qd4 29. Bb7 h6 30. Bc6 Qb2 31. Rxa7 f3 32. Bxf3 Rbe8 33. Qxe8
Rxe8 34. Rxe8+ Kh7 35. Be4# 1-0

[Event "Barkhuus Memorial Mesterklassen 2005"]
[Site "Vanlose"]
[Date "2005.07.28"]
[Round "2"]
[White "Damm, Kasper Wilken"]
[Black "Andersen, Daniel"]
[Result "1-0"]
[WhiteElo "2199"]
[BlackElo "1972"]
[PlyCount "113"]
[EventDate "2005.??.??"]


1. e4 e6 2. d4 d5 3. Nd2 c5 4. exd5 Qxd5 5. Ngf3 cxd4 6. Bc4 Qd6 7. O-O Nf6 8.
Nb3 Nc6 9. Nbxd4 Nxd4 10. Nxd4 Bd7 11. c3 Qc7 12. Qe2 a6 13. Re1 Bd6 14. h3 O-O
15. Bd3 Bh2+ 16. Kh1 Bf4 17. Bc2 Rfe8 18. Bxf4 Qxf4 19. Qf3 Qxf3 20. Nxf3 Bc6
21. Ne5 Rac8 22. c4 Red8 23. Rad1 Be8 24. b4 Kf8 25. Kg1 Ke7 26. Kf1 g6 27. g3
Rxd1 28. Rxd1 Nd7 29. Nxd7 Bxd7 30. Bb3 e5 31. h4 Be6 32. Rc1 e4 33. Ke2 Kf6
34. Ke3 Ke5 35. Rc3 f5 36. c5 Bxb3 37. Rxb3 h6 38. f3 exf3 39. Kxf3 g5 40. Re3+
Kf6 41. Rd3 Rc6 42. h5 Re6 43. a3 g4+ 44. Kf2 Rc6 45. Ke3 Kg5 46. Rd7 b6 47.
Rd6 Rc8 48. cxb6 Re8+ 49. Kf2 Kxh5 50. b7 Rb8 51. Rb6 Kg5 52. a4 f4 53. gxf4+
Kxf4 54. a5 g3+ 55. Kg2 Kg4 56. b5 axb5 57. a6 1-0

[Event "Barkhuus Memorial Mesterklassen 2005"]
[Site "Vanlose"]
[Date "2005.07.28"]
[Round "2"]
[White "Askgaard, Jens"]
[Black "Brandstrup, Bo"]
[Result "1/2-1/2"]
[WhiteElo "2082"]
[BlackElo "1936"]
[PlyCount "89"]
[EventDate "2005.??.??"]


1. d4 Nf6 2. c4 g6 3. Nc3 d5 4. e3 Bg7 5. Qb3 e6 6. Qa3 b6 7. cxd5 Nxd5 8. Nf3
Bb7 9. Bb5+ c6 10. Be2 Nd7 11. Nxd5 exd5 12. O-O Bf8 13. Qc3 Rc8 14. b4 Bg7 15.
Bb2 O-O 16. Qb3 Nf6 17. Rfd1 Ne4 18. Nd2 f5 19. Nxe4 fxe4 20. f4 Rc7 21. b5 c5
22. dxc5 bxc5 23. Bxg7 Kxg7 24. Qc3+ Qf6 25. Rac1 Rd8 26. a4 Kf7 27. a5 Qxc3
28. Rxc3 Ke7 29. Kf2 c4 30. g4 Rc5 31. Rb1 Rb8 32. b6 Rxa5 33. bxa7 Rxa7 34.
Bxc4 dxc4 35. Rxc4 Bd5 36. Rxe4+ Bxe4 37. Rxb8 Kf7 38. g5 Ra2+ 39. Kg3 Rg2+ 40.
Kh4 Rxh2+ 41. Kg3 Rg2+ 42. Kh4 Re2 43. Rd8 Bf5 44. Rh8 Rxe3 45. Rf8+ 1/2-1/2

[Event "Barkhuus Memorial Mesterklassen 2005"]
[Site "Vanlose"]
[Date "2005.07.28"]
[Round "2"]
[White "Willerup, Martin Kisby"]
[Black "Petersen, Steen Brustrup"]
[Result "0-1"]
[WhiteElo "2016"]
[BlackElo "2064"]
[PlyCount "30"]
[EventDate "2005.??.??"]


1. d4 Nf6 2. Nf3 d5 3. e3 Bg4 4. Bd3 Nbd7 5. h3 Bxf3 6. Qxf3 e5 7. dxe5 Nxe5 8.
Qe2 Bd6 9. b3 Ne4 10. Bxe4 dxe4 11. Qb5+ c6 12. Qxb7 O-O 13. Nd2 Qa5 14. O-O
Rab8 15. Nc4 Nxc4 0-1

[Event "Barkhuus Memorial Mesterklassen 2005"]
[Site "Vanlose"]
[Date "2005.07.28"]
[Round "2"]
[White "Aabling Thomsen, Jakob"]
[Black "Nohr, Finn"]
[Result "1-0"]
[WhiteElo "2146"]
[BlackElo "2028"]
[PlyCount "59"]
[EventDate "2005.??.??"]


1. e4 c5 2. Nf3 e6 3. Nc3 Nc6 4. d4 cxd4 5. Nxd4 Qc7 6. Ndb5 Qb8 7. Be3 a6 8.
Bb6 axb5 9. Nxb5 Bb4+ 10. c3 Ba5 11. Nc7+ Qxc7 12. Bxc7 Bxc7 13. Qg4 Kf8 14. f4
Nf6 15. Qf3 d5 16. e5 Ne4 17. Bd3 Nc5 18. Bc2 b5 19. O-O g6 20. Kh1 Bb7 21. Qe2
Ba6 22. Qe3 Bb6 23. f5 Kg7 24. Qg5 Nd7 25. Rae1 Rhf8 26. Rf3 Bd8 27. f6+ Kh8
28. Qh6 Rg8 29. Qxh7+ Kxh7 30. Rh3# 1-0

[Event "Barkhuus Memorial Mesterklassen 2005"]
[Site "Vanlose"]
[Date "2005.07.28"]
[Round "2"]
[White "Nielsen, Borge Hjerrild"]
[Black "Andersen, Henrik"]
[Result "1-0"]
[WhiteElo "2031"]
[BlackElo "1926"]
[PlyCount "140"]
[EventDate "2005.??.??"]


1. d4 d5 2. c4 e6 3. Nc3 c5 4. cxd5 exd5 5. e3 Nf6 6. Nf3 Nc6 7. Be2 a6 8. O-O
Bd6 9. dxc5 Bxc5 10. Nd4 O-O 11. a3 Be6 12. Nxc6 bxc6 13. b4 Be7 14. Bb2 Qd6
15. Qd2 Rfd8 16. Rfd1 Ng4 17. g3 Bg5 18. Na4 h5 19. Nc5 Re8 20. Kg2 Bxe3 21.
fxe3 Nxe3+ 22. Kg1 Nxd1 23. Rxd1 Bg4 24. Bxg4 hxg4 25. Qg5 f6 26. Qxg4 Qe7 27.
Rf1 Qe3+ 28. Kg2 Qe2+ 29. Qxe2 Rxe2+ 30. Rf2 Re3 31. Rc2 a5 32. Kf2 Ree8 33.
Bc3 axb4 34. Bxb4 Kf7 35. Nb7 Rh8 36. Kg2 Rab8 37. Nd6+ Ke6 38. Rxc6 Kd7 39.
Ra6 d4 40. Nf5 Rbc8 41. Rd6+ Ke8 42. Nxd4 Rc4 43. h4 Kf7 44. Rd7+ Kg6 45. Ne6
Rg8 46. Kh3 Re4 47. Nf8+ Kf5 48. Rd5+ Re5 49. Rd4 Re4 50. Rxe4 Kxe4 51. Ng6 Ra8
52. h5 Kf5 53. g4+ Ke4 54. Kg3 Rb8 55. Ne7 Rb7 56. Nf5 Ke5 57. Kf3 Ra7 58. Bf8
Ke6 59. Bxg7 Rxa3+ 60. Ke4 Ra4+ 61. Nd4+ Kf7 62. Bh6 Ra1 63. Be3 Ra4 64. Kf3
Ra3 65. Nf5 Rb3 66. Ke4 Rb4+ 67. Bd4 Rb1 68. Ne3 Rg1 69. Kf5 Rb1 70. Bxf6 Rb5+
1-0

[Event "Barkhuus Memorial Mesterklassen 2005"]
[Site "Vanlose"]
[Date "2005.07.29"]
[Round "3"]
[White "Tolstrup, Thomas"]
[Black "Askgaard, Jens"]
[Result "1/2-1/2"]
[WhiteElo "1882"]
[BlackElo "2082"]
[PlyCount "57"]
[EventDate "2005.??.??"]


1. Nf3 d5 2. d4 Nf6 3. c4 c6 4. e3 a6 5. Nc3 b5 6. b3 Bg4 7. h3 Bh5 8. g4 Bg6
9. Ne5 e6 10. Bg2 Nbd7 11. Nxg6 hxg6 12. cxd5 cxd5 13. Bb2 Be7 14. O-O O-O 15.
Ne2 Rc8 16. Ng3 Qc7 17. Rc1 Qb7 18. Qd3 Rxc1 19. Rxc1 Rc8 20. e4 Rxc1+ 21. Bxc1
Qc7 22. Bd2 dxe4 23. Nxe4 Nd5 24. g5 Nf4 25. Bxf4 Qxf4 26. Qc3 Bxg5 27. Nxg5
Qxg5 28. Qc8+ Nf8 29. Qxa6 1/2-1/2

[Event "Barkhuus Memorial Mesterklassen 2005"]
[Site "Vanlose"]
[Date "2005.07.29"]
[Round "3"]
[White "Aabling Thomsen, Jakob"]
[Black "Nielsen, Borge Hjerrild"]
[Result "1-0"]
[WhiteElo "2146"]
[BlackElo "2031"]
[PlyCount "43"]
[EventDate "2005.??.??"]


1. e4 c6 2. d4 d5 3. Nc3 dxe4 4. Nxe4 Nd7 5. Qe2 e6 6. Bf4 Ngf6 7. Nxf6+ Nxf6
8. O-O-O Bd6 9. Be5 Qe7 10. Nf3 Bd7 11. g4 Nxg4 12. Rg1 Bxe5 13. dxe5 f5 14. h3
Nh6 15. Qe3 f4 16. Qxf4 O-O-O 17. Qa4 Kb8 18. Qb3 g6 19. Bc4 Nf7 20. Nd4 Nxe5
21. Qg3 Qc5 22. Nf3 1-0

[Event "Barkhuus Memorial Mesterklassen 2005"]
[Site "Vanlose"]
[Date "2005.07.29"]
[Round "3"]
[White "Christiansen, Jens Jorgen"]
[Black "Hassan, Omar Elsayed"]
[Result "1/2-1/2"]
[WhiteElo "2112"]
[BlackElo "2198"]
[PlyCount "39"]
[EventDate "2005.??.??"]


1. d4 d5 2. c4 e5 3. dxe5 d4 4. Nf3 Nc6 5. a3 Nge7 6. b4 Ng6 7. Bb2 Ngxe5 8.
Nxe5 Nxe5 9. Bxd4 Nxc4 10. e3 Be6 11. Nd2 Nd6 12. Be2 Be7 13. O-O Bf6 14. Nf3
O-O 15. Rc1 Bxd4 16. Nxd4 Bd5 17. Bf3 Bxf3 18. Qxf3 c6 19. Rfd1 Qe7 20. Nf5
1/2-1/2

[Event "Barkhuus Memorial Mesterklassen 2005"]
[Site "Vanlose"]
[Date "2005.07.29"]
[Round "3"]
[White "Nohr, Finn"]
[Black "Willerup, Martin Kisby"]
[Result "1-0"]
[WhiteElo "2028"]
[BlackElo "2016"]
[PlyCount "55"]
[EventDate "2005.??.??"]


1. e4 c5 2. c3 d5 3. exd5 Qxd5 4. d4 Nf6 5. Nf3 e6 6. Be2 Be7 7. O-O O-O 8. a3
Nc6 9. c4 Qd8 10. dxc5 Bxc5 11. b4 Be7 12. Nc3 b6 13. Qb3 a6 14. Bf4 Bb7 15.
Rfd1 Qc8 16. Na4 Bd8 17. Rac1 Re8 18. Be3 Nd7 19. Rc2 Nce5 20. Nd4 Nc6 21. Rcd2
Nxd4 22. Rxd4 Bc6 23. Rd6 b5 24. cxb5 axb5 25. Nc3 Rb8 26. Nxb5 Rxb5 27. Rc1
Bd5 28. Rxc8 1-0

[Event "Barkhuus Memorial Mesterklassen 2005"]
[Site "Vanlose"]
[Date "2005.07.29"]
[Round "3"]
[White "Brandstrup, Bo"]
[Black "Damm, Kasper Wilken"]
[Result "0-1"]
[WhiteElo "1936"]
[BlackElo "2199"]
[PlyCount "78"]
[EventDate "2005.??.??"]


1. Nf3 g6 2. d4 Bg7 3. g3 c5 4. Bg2 cxd4 5. Nxd4 Nc6 6. e3 Qb6 7. Nb3 d6 8. O-O
h5 9. h4 Bg4 10. Qd2 Ne5 11. f3 Bd7 12. Nc3 e6 13. Ne4 d5 14. Nec5 Bb5 15. Nd3
Ne7 16. a4 Bxd3 17. a5 Qb5 18. Nd4 Bxf1 19. Nxb5 Bxb5 20. Qb4 Ba6 21. e4 N5c6
22. Qa3 O-O 23. Bg5 Rfe8 24. Rf1 Rac8 25. g4 hxg4 26. fxg4 Be2 27. Re1 Bxg4 28.
Qg3 Bh5 29. c3 d4 30. e5 Nf5 31. Qf4 dxc3 32. bxc3 Nxa5 33. Qa4 Nc6 34. Bxc6
Rxc6 35. Qxa7 Rxc3 36. Qxb7 Bf3 37. Qd7 Bc6 38. Qd2 Rg3+ 39. Kf1 Rg2 0-1

[Event "Barkhuus Memorial Mesterklassen 2005"]
[Site "Vanlose"]
[Date "2005.07.29"]
[Round "3"]
[White "Hejberg, Carsten"]
[Black "Petersen, Steen Brustrup"]
[Result "1/2-1/2"]
[WhiteElo "1929"]
[BlackElo "2064"]
[PlyCount "54"]
[EventDate "2005.??.??"]


1. c4 Nf6 2. Nc3 e5 3. Nf3 Nc6 4. g3 d5 5. cxd5 Nxd5 6. Bg2 Nb6 7. O-O Be7 8.
a3 O-O 9. b4 Be6 10. Rb1 a6 11. d3 Rb8 12. Bb2 f5 13. Na4 Nxa4 14. Qxa4 Bf6 15.
Nd2 Bd5 16. Bxd5+ Qxd5 17. Qb3 Rbd8 18. Rfd1 Rf7 19. Rbc1 Qd7 20. Qc4 Be7 21.
Nf3 Qd6 22. b5 axb5 23. Qxb5 e4 24. Ne5 Nxe5 25. Bxe5 c6 26. Bxd6 cxb5 27. Bxe7
Rxe7 1/2-1/2

[Event "Barkhuus Memorial Mesterklassen 2005"]
[Site "Vanlose"]
[Date "2005.07.29"]
[Round "3"]
[White "Nielsen, Morten Davidsen"]
[Black "Andersen, Henrik"]
[Result "0-1"]
[WhiteElo "1954"]
[BlackElo "1926"]
[PlyCount "72"]
[EventDate "2005.??.??"]


1. e4 c5 2. f4 e6 3. c3 d5 4. e5 Nc6 5. d4 Nh6 6. Nf3 Qb6 7. Bd3 Bd7 8. Bc2
cxd4 9. cxd4 Bb4+ 10. Nc3 O-O 11. Qd3 g6 12. g4 Nxg4 13. f5 exf5 14. h3 Ngxe5
15. Nxe5 Nxe5 16. dxe5 d4 17. a3 Bc6 18. Rf1 Bb5 19. axb4 Bxd3 20. Nd5 Bxf1 21.
Nxb6 axb6 22. Rxa8 Rxa8 23. Bh6 Bxh3 24. Bb3 Re8 25. Bf4 Kg7 26. Kd2 h6 27. Kd3
g5 28. Bh2 f4 29. Kxd4 Rd8+ 30. Kc3 Bf5 31. Bg1 Rd3+ 32. Kc4 b5+ 33. Kxb5 Rxb3
34. Bd4 Be6 35. Bc3 Rxc3 36. bxc3 f3 0-1

[Event "Barkhuus Memorial Mesterklassen 2005"]
[Site "Vanlose"]
[Date "2005.07.29"]
[Round "3"]
[White "Andersen, Daniel"]
[Black "Fredericia, Louise Winther"]
[Result "1/2-1/2"]
[WhiteElo "1972"]
[BlackElo "1994"]
[PlyCount "123"]
[EventDate "2005.??.??"]


1. c4 e5 2. g3 Nc6 3. Bg2 g6 4. Nc3 Bg7 5. e4 d6 6. Nge2 f5 7. d3 Nf6 8. O-O
O-O 9. Nd5 Ne7 10. Nxf6+ Bxf6 11. d4 c6 12. Be3 fxe4 13. Bxe4 Nf5 14. Qd2 Nxe3
15. Qxe3 exd4 16. Nxd4 Re8 17. Qd3 Bh3 18. Rfe1 Qb6 19. Nb3 Rf8 20. Re2 Qc7 21.
Bg2 Bf5 22. Be4 Bxe4 23. Qxe4 Qf7 24. Rd1 Rad8 25. Red2 Rfe8 26. Qc2 Qe6 27.
Nd4 Qg4 28. Kg2 Qe4+ 29. Qxe4 Rxe4 30. b3 Kf7 31. h4 a5 32. Nf3 Re6 33. Ng5+
Bxg5 34. hxg5 Ke7 35. Rh1 Rh8 36. Rd4 Re5 37. Rdh4 Re2 38. Rxh7+ Rxh7 39. Rxh7+
Ke6 40. a4 b5 41. cxb5 cxb5 42. axb5 Rb2 43. Ra7 Rxb3 44. Rxa5 d5 45. Ra6+ Kf5
46. f4 Kg4 47. Rxg6 Rxg3+ 48. Kf2 Rf3+ 49. Ke2 Rxf4 50. Rd6 Kxg5 51. Rxd5+ Kf6
52. Kd3 Ke6 53. Rd4 Rxd4+ 54. Kxd4 Kd6 55. Kc4 Kc7 56. Kc5 Kb7 57. b6 Kb8 58.
Kb5 Kb7 59. Kc5 Kb8 60. Kc6 Kc8 61. b7+ Kb8 62. Kb6 1/2-1/2

[Event "Barkhuus Memorial Mesterklassen 2005"]
[Site "Vanlose"]
[Date "2005.07.30"]
[Round "4"]
[White "Hassan, Omar Elsayed"]
[Black "Hejberg, Carsten"]
[Result "1-0"]
[WhiteElo "2198"]
[BlackElo "1929"]
[PlyCount "41"]
[EventDate "2005.??.??"]


1. e4 d6 2. d4 Nf6 3. Nc3 c6 4. f4 Qa5 5. Bd2 e5 6. Nd5 Qd8 7. Nxf6+ Qxf6 8.
Nf3 exd4 9. f5 Qe7 10. Kf2 Nd7 11. Bd3 c5 12. c3 dxc3 13. Bxc3 f6 14. Qa4 a6
15. Rhe1 Rb8 16. e5 b5 17. exf6 bxa4 18. fxe7 Bxe7 19. Bxg7 Rg8 20. f6 Rxb2+
21. Kf1 1-0

[Event "Barkhuus Memorial Mesterklassen 2005"]
[Site "Vanlose"]
[Date "2005.07.30"]
[Round "4"]
[White "Nohr, Finn"]
[Black "Nielsen, Borge Hjerrild"]
[Result "1/2-1/2"]
[WhiteElo "2028"]
[BlackElo "2031"]
[PlyCount "61"]
[EventDate "2005.??.??"]


1. e4 c6 2. d4 d5 3. e5 Bf5 4. Be3 e6 5. Nd2 Nd7 6. Be2 Qb6 7. Nb3 Ne7 8. f4
Be4 9. Nf3 h5 10. O-O Bxf3 11. Bxf3 g6 12. Bf2 Nf5 13. c4 Qd8 14. cxd5 cxd5 15.
Rc1 Rc8 16. Qd2 Be7 17. Rxc8 Qxc8 18. Rc1 Qb8 19. Qa5 O-O 20. Qc7 Nb6 21. Na5
Bb4 22. Nxb7 Nc4 23. Qxb8 Rxb8 24. b3 Nxe5 25. fxe5 Rxb7 26. Rc8+ Bf8 27. g4
hxg4 28. Bxg4 Ne7 29. Rd8 Nc6 30. Rc8 Ne7 31. Ra8 1/2-1/2

[Event "Barkhuus Memorial Mesterklassen 2005"]
[Site "Vanlose"]
[Date "2005.07.30"]
[Round "4"]
[White "Askgaard, Jens"]
[Black "Damm, Kasper Wilken"]
[Result "0-1"]
[WhiteElo "2082"]
[BlackElo "2199"]
[PlyCount "76"]
[EventDate "2005.??.??"]


1. d4 Nf6 2. Nf3 g6 3. Nc3 d5 4. Bf4 Bg7 5. e3 O-O 6. Be2 c6 7. Ne5 Nfd7 8. Qd2
f6 9. Nxd7 Qxd7 10. O-O-O e5 11. Bg3 b5 12. dxe5 fxe5 13. Nxd5 Qxd5 14. Qxd5+
cxd5 15. Rxd5 a6 16. Bxe5 Bb7 17. Bxg7 Kxg7 18. Rc5 Bxg2 19. Rg1 Bh3 20. f4 Ra7
21. c4 Nd7 22. Rc6 Rf6 23. cxb5 axb5 24. Rxf6 Nxf6 25. Bxb5 Rxa2 26. Kb1 Ra5
27. Bd3 Bf5 28. Bxf5 Rxf5 29. Kc2 Rh5 30. Rg2 Nd5 31. Kd2 Rh3 32. Re2 Kf6 33.
b3 Ke6 34. f5+ gxf5 35. e4 fxe4 36. Rxe4+ Kd6 37. Re2 Rxb3 38. Ke1 Re3 0-1